| 000 | 02023nam a2200337 i 4500 | ||
|---|---|---|---|
| 003 | DO-SdBNP | ||
| 005 | 20250609144346.0 | ||
| 007 | ta | ||
| 008 | 250421b2024 dr a|||| |||| 00| 0 spa d | ||
| 020 | _a9789945960695 | ||
| 040 |
_aDO-SdBNP _bspa _cBNPHU _erda |
||
| 041 | _aspa | ||
| 082 | 4 |
_axxx _bP762h _222 |
|
| 100 | 1 |
_aPolanco Martínez, Jesús María _eautor _4aut. _987213 |
|
| 245 | 1 | 0 |
_aHuellas de Juan Bosch : _bpolémico pensador de Las Américas. Contraste entre el escritor y el político. Un ensayo crítico / _cJesús María Polanco Martínez ; editor, Lennys Tejada Betancourt ; diagramación y diseño, Rafael Emilio Genao ; ilustrador, Camilo Canela. |
| 250 | _aPrimera edición | ||
| 264 | 4 |
_aSantiago de los Caballeros, República Dominicana : _bEditorial De la Rosa, _c©2024. |
|
| 300 |
_a271, [9] páginas : _bilustraciones ; _c23 cm. |
||
| 336 |
_atexto _btxt _2rdacontent |
||
| 337 |
_asin mediación _bn _2rdamedia |
||
| 338 |
_avolumen _bnc _2rdacarrier |
||
| 504 | _aBibliografía: páginas [272-279] | ||
| 505 | _aPrólogo, 9.-- Notas introductorias, 17.-- Publicaciones de su juventud, 23.-- El exilio de Juan Bosch, 43.-- Mirada al contenido social en los cuentos de Bosch, 51.-- Aproximación al análisis de sus obras, 63.-- Evolución de su pensamiento e ideología, 103.-- Magisterio político y organizador de masas, 135.-- Constante lucha por la toma del poder, 149.-- Postura de Bosch durante los 12 años de Balaguer, 175.-- Papel de Bosch en las elecciones de 1982, 1986, 1990 y 1994, 211.-- Actos de Bosch generadores de interrogantes, 221.-- Balance de la trayectoria de Juan Bosch, 249.-- Referencias bibliográficas, 273. | ||
| 590 | _aInventariado, 2025 /LP | ||
| 590 | _aLa biblioteca posee un ejemplar auto biografiados por el autor | ||
| 700 | 1 |
_aTejada Betancourt, Lennys, _eeditor _4ed. _979591 |
|
| 700 | 1 |
_aGenao, Rafael Emilio, _ediagramación y diseño _4di. _988026 |
|
| 700 | 1 |
_aCanela, Camilo, _eilustrador _4il. _988027 |
|
| 910 | _aLP | ||
| 942 |
_2ddc _cLBS1 |
||
| 999 |
_c58438 _d58438 |
||